000 01144nam a2200301 i 4500
001 bg
003 BPK
005 20220127085214.0
008 051128s2005 pl a f |001 0 pol
015 _aPB 2005/21027
020 _a8301145056
040 _aWA N
_cBPK
080 _a339.92(4-67)
080 _a(07)
245 0 0 _aKompendium wiedzy o Unii Europejskiej /
_cred. nauk. Ewa Małuszyńska, Bohdan Gruchman ; aut. Szymon Bielecki [et al.].
260 _aWarszawa :
_bWydawnictwo Naukowe PWN,
_c2005.
300 _a309, [2] s. :
_bmapa ;
_c21 cm.
504 _aBibliogr. s. 308-[310]. Indeks.
521 8 _aDla licealistów, maturzystów, kandydatów na studia i studentów różnych uczelni, gł. na kierunku europeistyka.
655 4 _aPodręcznik
610 2 4 _aUnia Europejska
700 1 _aMałuszyńska, Ewa.
_eRedakcja
700 1 _aGruchman, Bohdan
_d(1928- ).
_eRedakcja
710 2 _aWydawnictwo Naukowe PWN
_4pbl.
700 1 _aBielecki, Szymon
_eAutor
856 _uhttp://koha.tu.koszalin.pl/cgi-bin/koha/opac-detail.pl?biblionumber=46752
_yKatalog online BPK
942 _2UKD
_cKS
999 _c46752
_d46752